000 01338nam a22003137a 4500
005 20240814173817.0
008 m252825 th thaha d
041 _atha
100 0 _aเสถียร วิชัยลักษณ์
245 1 0 _aรวมกฎหมายไทย เล่ม อ [ร4]
260 3 _aกรุงเทพฯ :
_bนีติเวชช์,
_c2528-2532
300 _a1 เล่ม :
_b ตาราง ;
_c 26 ซม.
650 0 4 _aกฎหมาย -- ไทย
650 0 4 _aนก (พ.ร.บ.) -- 2482
650 0 4 _aนกอีแอ่น (พ.ร.บ.) -- 2482
650 0 4 _aปืน (พ.ร.บ.) -- 2490
650 0 4 _aองค์การโทรศัพท์แห่งประเทศไทย (พ.ร.บ.) -- 2497
650 0 4 _aอาคารชุด (พ.ร.บ.) -- 2522
650 0 4 _aอาวุธ (พ.ร.บ.) -- 2490
650 0 4 _aอาหาร (พ.ร.บ.) -- 2522
650 0 4 _aอุทยานแห่งชาติ (พ.ร.บ.) -- 2504
650 0 4 _aโทรศัพท์ (พ.ร.บ.) -- 2497
700 0 _aเสถียร วิชัยลักษณ์
850 _aNALT
942 _cREF
997 _c000000000015875
998 _aSANG-AROON ANU-KRAUGH
_j25
_k นีลวัสน์ อินทรักษา
999 _c15875
_d15875
090 _aKA204 ส895ร4 ล.อ